The wonder crew: the untold story of a coach, navy rowing, and olympic immortality

Saved in:
Bibliographic Details
Main Author: Saint Sing, Susan (Author)
Format: Book
Language:English
Published: Nueva York St. Martin`s Press 2008
Subjects:
Tags: Add Tag
No Tags, Be the first to tag this record!

MARC

LEADER 00000nam a2200000 a 4500
001 UCG4598
003 CL-VaPUC
008 101111e20080000US |||||||||||||||||eng|d
020 |a 9780312367039 
082 0 4 |a 797.123  |b SAI  |2 21 
100 0 |a Saint Sing, Susan  |e author  |9 553988 
245 1 4 |a The wonder crew: the untold story of a coach, navy rowing, and olympic immortality 
300 |a 281 p 
942 |c BK 
945 |d 20101111 00:00:00  |a mfarfan 
260 |a Nueva York  |b St. Martin`s Press  |c 2008 
650 7 |a REMO  |2 CL-VaPUC  |9 537214 
650 7 |a HISTORIA DEL DEPORTE  |2 CL-VaPUC  |9 459805 
650 7 |a DEPORTES ACUATICOS  |2 CL-VaPUC  |9 262007 
650 0 |a Navegación   |9 255384 
583 |a last modification  |c 20101111 00:00:00  |k Rodrigo Vera 
999 |c 343290  |d 343288 
952 |0 0  |1 0  |4 0  |6 797_123000000000000_SAI_2008  |7 0  |8 C  |9 440511  |a BIBCUR  |b BIBCUR  |d 2019-11-22  |i 473517K  |o 797.123 SAI 2008  |p 473517K  |r 2025-04-22  |w 2019-11-22  |y BK  |k DEN